<?xml version="1.0" encoding="UTF-8"?><?xml-stylesheet type="text/xsl" href="static/style.xsl"?><OAI-PMH xmlns="http://www.openarchives.org/OAI/2.0/" xmlns:xsi="http://www.w3.org/2001/XMLSchema-instance" xsi:schemaLocation="http://www.openarchives.org/OAI/2.0/ http://www.openarchives.org/OAI/2.0/OAI-PMH.xsd"><responseDate>2026-04-13T03:12:40Z</responseDate><request verb="GetRecord" identifier="oai:www.recercat.cat:10256/23871" metadataPrefix="marc">https://recercat.cat/oai/request</request><GetRecord><record><header><identifier>oai:recercat.cat:10256/23871</identifier><datestamp>2024-05-22T11:39:01Z</datestamp><setSpec>com_2072_452966</setSpec><setSpec>com_2072_2054</setSpec><setSpec>col_2072_452968</setSpec></header><metadata><record xmlns="http://www.loc.gov/MARC21/slim" xmlns:dcterms="http://purl.org/dc/terms/" xmlns:xsi="http://www.w3.org/2001/XMLSchema-instance" xmlns:doc="http://www.lyncode.com/xoai" xsi:schemaLocation="http://www.loc.gov/MARC21/slim http://www.loc.gov/standards/marcxml/schema/MARC21slim.xsd">
   <leader>00925njm 22002777a 4500</leader>
   <datafield ind2=" " ind1=" " tag="042">
      <subfield code="a">dc</subfield>
   </datafield>
   <datafield ind2=" " ind1=" " tag="720">
      <subfield code="a">Homs Planas, Janina</subfield>
      <subfield code="e">author</subfield>
   </datafield>
   <datafield ind2=" " ind1=" " tag="260">
      <subfield code="c">2023-06</subfield>
   </datafield>
   <datafield ind2=" " ind1=" " tag="520">
      <subfield code="a">El present treball té com a objectiu l'aproximació del dret a la identitat personal o &#xd;
&#xd;
dret al nom, juntament amb l'anàlisi de les seves limitacions, en tots els possibles &#xd;
&#xd;
supòsits que se'ns poden presentar, i també pretén realitzar un estudi tenint en &#xd;
&#xd;
compte les resolucions de la Direcció General dels Registres i del Notariat. &#xd;
&#xd;
Així doncs, les regulacions que tracta tots aquests aspectes són: d'una banda, la &#xd;
&#xd;
Llei 20/2011 de 21 de juliol, del Registre Civil -d'ara endavant LRC- i, d'altra &#xd;
&#xd;
banda, comptarem amb el Decret de 14 de novembre de 1958 pel qual s'aprova &#xd;
&#xd;
el Reglament de la Llei del registre civil -d'ara endavant RRC</subfield>
   </datafield>
   <datafield ind2=" " ind1=" " tag="520">
      <subfield code="a">The aim of this paper is to approach the right to personal identity or the right to a &#xd;
&#xd;
name, together with an analysis of its limitations, in all the possible cases that &#xd;
&#xd;
may arise, and it also aims to carry out a study taking into account the resolutions &#xd;
&#xd;
of the Directorate General of Registries and Notaries. &#xd;
&#xd;
Thus, the regulations that deal with all these aspects are: on the one hand, Law &#xd;
&#xd;
20/2011 of 21 July, on the Civil Register - hereinafter LRC - and, on the other &#xd;
&#xd;
hand, the Decree of 14 November 1958 approving the Regulations of the Law on &#xd;
&#xd;
the Civil Register - hereinafter RRC</subfield>
   </datafield>
   <datafield ind1="8" ind2=" " tag="024">
      <subfield code="a">http://hdl.handle.net/10256/23871</subfield>
   </datafield>
   <datafield tag="653" ind2=" " ind1=" ">
      <subfield code="a">Espanya Ley del registro civil, 2011</subfield>
   </datafield>
   <datafield tag="653" ind2=" " ind1=" ">
      <subfield code="a">Registre civil -- Espanya</subfield>
   </datafield>
   <datafield tag="653" ind2=" " ind1=" ">
      <subfield code="a">Registers of births, etc. -- Spain</subfield>
   </datafield>
   <datafield tag="653" ind2=" " ind1=" ">
      <subfield code="a">Noms de persona -- Dret i legislació</subfield>
   </datafield>
   <datafield tag="653" ind2=" " ind1=" ">
      <subfield code="a">Names, Personal – Law and legislation</subfield>
   </datafield>
   <datafield tag="653" ind2=" " ind1=" ">
      <subfield code="a">Identitat (Psicologia)</subfield>
   </datafield>
   <datafield tag="653" ind2=" " ind1=" ">
      <subfield code="a">Identity (Psychology)</subfield>
   </datafield>
   <datafield tag="653" ind2=" " ind1=" ">
      <subfield code="a">Individualitat</subfield>
   </datafield>
   <datafield tag="653" ind2=" " ind1=" ">
      <subfield code="a">Individuality</subfield>
   </datafield>
   <datafield tag="653" ind2=" " ind1=" ">
      <subfield code="a">Integritat</subfield>
   </datafield>
   <datafield tag="653" ind2=" " ind1=" ">
      <subfield code="a">Integrity</subfield>
   </datafield>
   <datafield ind2="0" ind1="0" tag="245">
      <subfield code="a">Regulació actual sobre el dret al nom: Les noves limitacions del títol VI de la Llei 20/2011</subfield>
   </datafield>
</record></metadata></record></GetRecord></OAI-PMH>